000
00306nam a22001337a 4500
020
_a
0-521-54770-9
082
_a
425
_b
HAN/E
100
_a
HANCOCK,MARK
245
_a
ENGLISH PRONOUNCIATION IN USE
260
_a
UK
_b
CAMBRIDGE UNIVERSITY
300
_a
200
650
_a
ENGISH PRONUNCIATION
_z
UK
942
_c
BK
999
_c
3762
_d
3762